Candor : niños y flores

Saved in:
Bibliographic Details
Main Author: Bolinaga, Josefina
Format: Book
Language:Spanish
Published: Madrid : Editorial Yagües, 1934
Textbook Catalogue:MANES:  Library Catalog Search Result
Textbook Classification:
Tags: Add Tag
No Tags, Be the first to tag this record!
Added to:1999-11-29
Changed in:2025-05-07

MARC

LEADER 00000cam a2200000 i 4500
005 20250507134412.0
008 000000s1934 espa f 000 1 spa d
040 |a uned  |b spa  |c entro-manes 
100 1 |a Bolinaga, Josefina  |9 37600 
245 1 0 |a Candor :   |b niños y flores /   |c por Josefina Bolinaga 
260 |a Madrid :   |b Editorial Yagües,   |c 1934 
300 |a 185 p. :   |b il. 
500 |a En port.: Premio del Concurso Nacional de Literatura 
546 |a EspañaEscritura y Lectura 
561 |5 es-BUNED  |3 L.T. 3366  |a España. Fondo Manes UNED  |k MANES 
691 0 |a PRI 
942 |2 ddc  |c BK 
999 |c 93613  |d 93613 
999 |c manes:93613  |d 93613